000 003860000a22001210004500
090 _aAR
_b04669
100 1 _aAizen, Marcelo A.
_998805
700 1 _aFeinsinger, Peter
_94161
245 1 0 _aHabitat fragmentation, native insect pollinators, and feral honey bees in Argentine Chaco Serrano
041 0 _aInglés
942 _cARTICULO
773 1 _tEcological applications
_h2
_q378-392
_d1994
_g4
999 _c13769
_d13769